Midnight Rain (Lyrics)- Taylor Swift - Statistics

General Stats
  • This quiz has been taken 21 times
    20 since last reset
  • The average score is 258 of 282
Answer Stats
Answer % Correct
a
100%
A
100%
comfortable
100%
fame
100%
He
100%
he
100%
I
100%
it
100%
It
100%
like
100%
me
100%
midnight
100%
my
100%
My
100%
own
100%
pain
100%
Rain
100%
rain
100%
same
100%
So
100%
stayed
100%
that
100%
the
100%
wanted
100%
was
100%
when
100%
and
93%
And
93%
bride
93%
But
93%
changed
93%
Chasing
93%
for
93%
making
93%
name
93%
of
93%
sunshine
93%
All
87%
all
87%
came
87%
'cause
87%
'Cause
87%
everyday
87%
him
87%
his
87%
in
87%
kind
87%
midnights
87%
(Midnights
87%
montage
87%
on
87%
paradise
87%
postcard
87%
some
87%
Some
87%
this
87%
this)
87%
we
87%
what
87%
broke
80%
cages
80%
candy
80%
Except
80%
family
80%
Full
80%
get
80%
guess
80%
haunted
80%
heart
80%
I'm
80%
it's
80%
Just
80%
just
80%
never
80%
nice
80%
ocean
80%
off
80%
pretenders
80%
sometimes
80%
think
80%
thinks
80%
TV
80%
wasteland
80%
away
73%
boy
73%
gave
73%
Holiday
73%
love
73%
motion
73%
peppermint
73%
potion
73%
slow-
73%
through
73%
time
73%
town
73%
unravel
73%
window
73%
fences
67%
life
67%
Pageant
67%
perfect
67%
queens
67%
shiny
67%
things
67%
Jumping
60%
Picture
60%
portal
60%
travel
60%
deep
53%
big
40%
peered
40%
No matching quizzes found
Score Distribution
Percent of People with Each Score
Percentile by Number Answered
Your Score History
You have not taken this quiz since the last reset